Pokémon - Les attaques de Bacabouh - Statistiques

Statistiques générales
  • Ce quiz a été pris 14 fois
  • Le résultat moyen est 12 sur 14
Statistiques - réponses
Niveaux Types Noms des attaques % Correct
Niveau 45 Spectre Ball'Ombre
100%
Niveau 5 Spectre Étonnement
100%
Niveau 20 Sol Jet de Sable
100%
Départ Plante Vole-Vie
100%
Niveau 55 Sol Amass'Sable
88%
Niveau 35 Plante Giga-Sangsue
88%
Niveau 15 Plante Méga-Sangsue
88%
Niveau 25 Sol Piétisol
88%
Niveau 50 Sol Telluriforce
88%
Niveau 60 Roche Tempête de Sable
75%
Niveau 10 Sol Tourbi-Sable
75%
Départ Normal Armure
63%
Niveau 40 Acier Mur de Fer
63%
Niveau 30 Psy Hypnose
50%
Aucun quiz correspondant
Distribution des résultats
% des personnes avec chaque résultat
Percentile par nombre de réponses
Votre historique - résultats
Vous n’avez pas pris ce quiz